Xây dựng hệ nhúng đa nhiệm và thiết kế máy tính đơn BOARD với vi xử lý Intel X86 /
Đã lưu trong:
| Tác giả chính: | |
|---|---|
| Tác giả khác: | , |
| Định dạng: | Bài viết |
| Ngôn ngữ: | Vietnamese |
| Các nhãn: |
Thêm thẻ
Không có thẻ, Là người đầu tiên thẻ bản ghi này!
|
| Thư viện lưu trữ: | Thư viện Trường Đại học Đà Lạt |
|---|
| LEADER | 00911nam a2200253 4500 | ||
|---|---|---|---|
| 001 | DLU120143391 | ||
| 005 | ##20121102 | ||
| 040 | # | # | |a DLU |b vie |
| 041 | # | # | |a vie |
| 044 | # | # | |a vn |
| 100 | # | # | |a Lê Bá Dũng. |
| 245 | # | # | |a Xây dựng hệ nhúng đa nhiệm và thiết kế máy tính đơn BOARD với vi xử lý Intel X86 / |c Lê Bá Dũng, Bùi Nguyên Đại, Trần Thế Hoàng. |
| 700 | # | # | |a Bùi Nguyên Đại. |
| 700 | # | # | |a Trần Thế Hoàng |
| 773 | # | # | |t Một số vấn đề chọn lọc của Công nghệ thông tin. Chủ đề: Mã nguồn mở (Open Source) Báo cáo toàn văn, |g 2006, tr. 190-199 |
| 920 | # | # | |a Phòng Tạp chí -- Trung tâm Thông tin - Thư viện Trường Đại học Đà Lạt |
| 994 | # | # | |a DLU |
| 900 | # | # | |a True |
| 911 | # | # | |a Nguyễn Thị Mai Anh |
| 925 | # | # | |a G |
| 926 | # | # | |a A |
| 927 | # | # | |a BB |
| 980 | # | # | |a Thư viện Trường Đại học Đà Lạt |